000 00968nam0a22002771 4500
001 v19\rc\2001830
005 20251118181309.2
035 _a(NLR Aleph) 005077197
090 _a7157967
_c7157967
100 _a20080811d1915 u y0rusy50 ca
101 0 _arus
102 _aRU
105 _aa z |||||
200 1 _aО двух свойствах родственных определителей
_e[Обобщение теорем проф. Н.А. Некрасова]
_fВ.П. Зылев
210 _aТомск
_cтипо-лит. Сиб. т-ва печ. дела
_d1915
215 _a6 с.
_cчерт.
_d25
300 _aВ конце текста: Вл. Зылев
700 1 _aЗылев
_bВ.П.
_f1883-
_gВладимир Петрович
801 0 _aRU
_bNLR
_gpsbo
801 0 _aRU
_bRuMoRGB
_2psbo
801 1 _aRU
_bProSoft-M
_2rusmarc
852 _aNLR
_j37.57.3.186
899 _aRuMoRGB
_jV 86/73
899 _aRuMoRGB
_jV 261/914
942 _cBOOK
980 _aNB